Jan Tříska: Rád hrám charaktery, ktoré nie sú nudné

Bibliographic Details
Main Authors: Ryník, Jozef (Author, Interviewer), Tříska, Jan, 1936-2017 (Author)
Format: Article
Language:Slovak
PhysicalDescription:Fotogr.
ISSN:1335-4620
Subjects:

MARC

LEADER 00000nab a2200000 ar4500
001 vtls008997182
003 SK-MaSNL
005 20260303065801.0
008 070608c2007 xo er|p|||||||000 b|slo
015 |a SNBRB2007/06  |2 snkbucl 
038 |a SNKBUCL 
040 |a SNKBUCL  |b slo  |c SNKBUCL  |e AACR2 
041 0 |a slo 
044 |a xo  |c SK 
080 |a 792.071.2  |2 2001 
080 |a 791.44  |2 2001 
080 |a 929 Tříska, Jan  |2 2001 
100 1 |a Ryník, Jozef  |4 ivr  |4 aut  |9 1032712 
245 1 0 |a Jan Tříska: Rád hrám charaktery, ktoré nie sú nudné  |c [zhováral sa] Jozef Ryník 
300 |b Fotogr. 
600 1 7 |a Tříska, Jan,  |d 1936-2017  |2 snkbucl  |9 168717 
700 1 |a Tříska, Jan,  |d 1936-2017  |4 ive  |4 aut  |9 168717 
773 0 |t Profit  |g Č. 1 (2007), s. 52-53  |x 1335-4620 
852 |a SNK  |b KIS3GCP 
958 |a BC 
958 |a CZ 
999 |c 1752684  |d 1754614